« Retourner aux résultats de recherche
Animaux à l'aquarelle
| Auteur principal: | Trevor Waugh |
|---|---|
| Support: | Livres |
| Langue: | Francais |
| Genre: |
Documentaire |
| Collection: |
|
| Sujets: | |
| Étiquettes: |
Ajouter
Pas de Tags !
|
| LEADER | 00668nam0a2200193 450 | ||
|---|---|---|---|
| 001 | 16848389 | ||
| 010 | |a 2-215-07528-7 |b Cart. |d 15 | ||
| 100 | |a 20040128d2004 u u0frey01 ba | ||
| 101 | 0 | |a fre | |
| 102 | |a FR | ||
| 200 | 0 | |a Animaux à l'aquarelle |f Trevor Waugh | |
| 207 | 1 | |a | |
| 215 | |a 96 p. |c ill. en coul. |d 26 x 20 cm | ||
| 225 | 1 | |v 5 | |
| 330 | |a Propose de réaliser étape par étape, des animaux à l'aquarelle grâce à des exercices clairs et progressifs. | ||
| 700 | 0 | |a Waugh |b Trevor |4 70 | |
| 900 | |a Documentaire | ||
| 901 | |a Accessible au prêt | ||
| 995 | |a Bibliothèque |c Bibliothèque |f 00156005877261 |h 00156005877261 |k 751.42 WAU |o p |q a |r az |e Bibliothèque | ||
